Doctor Who Episodes (1963-present) - Statistics

General Stats
  • This quiz has been taken 3,891 times
    951 since last reset
  • The average score is 186 of 354
Answer Stats
Season/Series Serial Name % Correct
Series 1 Dalek
85%
Season 1 The Daleks
85%
Season 1 An Unearthly Child
83%
Series 1 Rose
78%
Season 12 Robot
74%
TV Movie Doctor Who
73%
Season 1 Marco Polo
70%
20th Anniversary The Five Doctors
69%
Series 3 Blink
68%
2005 Christmas The Christmas Invasion
68%
50th Anniversary The Day of the Doctor
68%
Season 4 The Tenth Planet
68%
Season 10 The Three Doctors
68%
Series 1 Bad Wolf
67%
Series 14/Season One Boom
67%
Season 1 The Aztecs
67%
Season 2 The Dalek Invasion of Earth
67%
Season 6 The War Games
67%
Series 1 Boom Town
65%
Series 2 New Earth
65%
Series 1 The Doctor Dances
65%
Series 5 The Eleventh Hour
65%
Series 1 The End of the World
65%
Season 6 The Invasion
65%
Season 2 The Romans
65%
2009 Autumn The Waters of Mars
65%
Series 2 Doomsday
64%
Series 1 Father's Day
64%
Series 1 The Empty Child
64%
2009 Christmas & 2010 New Year's Day The End of Time
64%
Series 1 The Parting of the Ways
64%
2013 Christmas The Time of the Doctor
64%
Season 5 The Tomb of the Cybermen
64%
Series 4 Turn Left
64%
Series 1 Aliens of London
63%
Series 3 Smith and Jones
63%
Season 7 Spearhead from Space
63%
Season 1 The Edge of Destruction
63%
Series 1 The Long Game
63%
Series 5 The Pandorica Opens
63%
Season 22 The Two Doctors
63%
Series 3 Utopia
63%
2010 Christmas A Christmas Carol
62%
Season 18 Logopolis
62%
Series 4 Midnight
62%
Series 2 School Reunion
62%
Season 3 The Ark
62%
2006 Christmas The Runaway Bride
62%
Series 2 Tooth and Claw
62%
Series 1 World War Three
62%
Series 3 42
61%
Series 2 Fear Her
61%
Season 12 Genesis of the Daleks
61%
Series 3 Gridlock
61%
Season 11 Planet of the Spiders
61%
Series 2 Rise of the Cybermen
61%
Series 4 Silence in the Library
61%
Season 2 The Chase
61%
Season 3 The Daleks' Master Plan
61%
Season 1 The Keys of Marinus
61%
Series 7 The Name of the Doctor
61%
Series 3 Daleks in Manhattan
60%
Series 4 Partners in Crime
60%
Season 26 Survival
60%
Series 2 The Age of Steel
60%
Series 3 The Family of Blood
60%
Series 4 The Fires of Pompeii
60%
2008 Christmas The Next Doctor
60%
2012 Christmas The Snowmen
60%
Series 1 The Unquiet Dead
60%
2017 Christmas Twice Upon a Time
60%
2007 Christmas Voyage of the Damned
60%
Series 2 Army of Ghosts
59%
Season 19 Castrovalva
59%
Series 7 Dinosaurs on a Spaceship
59%
Series 4 Journey's End
59%
Series 3 Last of the Time Lords
59%
Series 2 Love & Monsters
59%
Season 8 Terror of the Autons
59%
Series 7 The Angels Take Manhattan
59%
Series 5 The Beast Below
59%
60th Anniversary The Giggle
59%
Series 2 The Girl in the Fireplace
59%
Series 2 The Impossible Planet
59%
Series 4 The Poison Sky
59%
Season 9 The Sea Devils
59%
Series 3 The Shakespeare Code
59%
Series 4 The Sontaran Stratagem
59%
Series 3 The Sound of Drums
59%
Series 4 The Stolen Earth
59%
Season 24 Time and the Rani
59%
Series 5 Amy's Choice
58%
Series 8 Deep Breath
58%
Season 7 Inferno
58%
Series 6 Let's Kill Hitler
58%
Series 4 Planet of the Ood
58%
Series 7 The Bells of Saint John
58%
Season 21 The Caves of Androzani
58%
Series 4 The Doctor's Daughter
58%
Series 2 The Satan Pit
58%
Series 5 The Vampires of Venice
58%
Series 7 Asylum of the Daleks
57%
Series 5 Flesh and Stone
57%
Series 9 Heaven Sent
57%
Series 3 Human Nature
57%
Series 11 Rosa
57%
Season 12 The Ark in Space
57%
Series 5 The Big Bang
57%
Season 3 The Celestial Toymaker
57%
Season 4 The Evil of the Daleks
57%
Series 6 The Girl Who Waited
57%
Series 2 The Idiot's Lantern
57%
Series 6 The Impossible Astronaut
57%
Season 4 The Power of the Daleks
57%
Series 7 The Power of Three
57%
Season 2 The Time Meddler
57%
Series 4 The Unicorn and the Wasp
57%
Season 2 The Web Planet
57%
Series 11 The Woman Who Fell to Earth
57%
Season 7 Doctor Who and the Silurians
56%
Season 19 Earthshock
56%
Series 4 Forest of the Dead
56%
Series 9 Hell Bent
56%
2009 Easter Planet of the Dead
56%
Unaired Story Shada
56%
Series 5 The Hungry Earth
56%
Series 3 The Lazarus Experiment
56%
Series 10 The Pilot
56%
2022 BBC Centenary The Power of the Doctor
56%
Season 21 The Twin Dilemma
56%
Series 6 The Wedding of River Song
56%
Series 5 Victory of the Daleks
56%
Series 5 Vincent and the Doctor
56%
Series 6 A Good Man Goes to War
55%
Series 7 A Town Called Mercy
55%
Season 17 City of Death
55%
Series 3 Evolution of the Daleks
55%
Season 2 Planet of Giants
55%
Season 13 Pyramids of Mars
55%
Season 25 Remembrance of the Daleks
55%
2023 Christmas The Church on Ruby Road
55%
Series 6 The Curse of the Black Spot
55%
Series 10 The Doctor Falls
55%
Series 6 The Doctor's Wife
55%
Season 10 The Green Death
55%
2015 Christmas The Husbands of River Song
55%
Season 1 The Reign of Terror
55%
Season 1 The Sensorites
55%
Season 3 The War Machines
55%
Season 5 The Wheel in Space
55%
60th Anniversary Wild Blue Yonder
55%
Series 7 Cold War
54%
Season 3 Galaxy 4
54%
2014 Christmas Last Christmas
54%
Series 7 Nightmare in Silver
54%
Series 14/Season One Space Babies
54%
Series 7 The Crimson Horror
54%
Season 26 The Curse of Fenric
54%
2011 Christmas The Doctor, the Widow and the Wardrobe
54%
Season 4 The Highlanders
54%
60th Anniversary The Star Beast
54%
Series 5 The Time of Angels
54%
Series 9 The Zygon Invasion
54%
Series 5 Cold Blood
53%
Series 6 Day of the Moon
53%
Series 9 Face the Raven
53%
Series 7 Hide
53%
Season 12 Revenge of the Cybermen
53%
Season 5 The Abominable Snowmen
53%
Season 3 The Gunfighters
53%
Season 5 The Ice Warriors
53%
Series 5 The Lodger
53%
Series 9 The Magician's Apprentice
53%
Season 22 The Mark of the Rani
53%
Season 11 The Time Warrior
53%
Series 6 Closing Time
52%
Season 9 Day of the Daleks
52%
Series 8 Into the Dalek
52%
Season 11 Invasion of the Dinosaurs
52%
Series 7 Journey to the Centre of the TARDIS
52%
Series 8 Kill the Moon
52%
Series 8 Mummy on the Orient Express
52%
Season 8 The Dæmons
52%
Season 4 The Macra Terror
52%
Season 4 The Moonbase
52%
Season 2 The Rescue
52%
2016 Christmas The Return of Doctor Mysterio
52%
Series 7 The Rings of Akhaten
52%
Season 12 The Sontaran Experiment
52%
Season 2 The Space Museum
52%
Series 9 The Zygon Inversion
52%
Series 8 Dark Water
51%
Season 26 Ghost Light
51%
Series 8 Listen
51%
2019 New Year's Day Resolution
51%
Season 25 Silver Nemesis
51%
Series 10 Smile
51%
Series 6 The Almost People
51%
Season 7 The Ambassadors of Death
51%
Series 8 The Caretaker
51%
Season 14 The Deadly Assassin
51%
Series 9 The Girl Who Died
51%
Season 25 The Greatest Show in the Galaxy
51%
Series 9 The Woman Who Lived
51%
Series 10 Thin Ice
51%
Series 8 Time Heist
51%
Series 10 World Enough and Time
51%
Series 14/Season One 73 Yards
50%
Season 26 Battlefield
50%
Series 9 Before the Flood
50%
Series 8 Death in Heaven
50%
Season 11 Death to the Daleks
50%
Series 14/Season One Dot and Bubble
50%
Season 24 Dragonfire
50%
Series 8 Flatline
50%
2024 Christmas Joy to the World
50%
Season 19 Kinda
50%
Series 6 Night Terrors
50%
Season 22 Revelation of the Daleks
50%
Series 8 Robot of Sherwood
50%
Season 9 The Curse of Peladon
50%
Series 6 The God Complex
50%
Season 14 The Hand of Fear
50%
Season 11 The Monster of Peladon
50%
Series 6 The Rebel Flesh
50%
Season 3 The Savages
50%
Season 6 The Space Pirates
50%
Season 14 The Talons of Weng-Chiang
50%
Series 9 The Witch's Familiar
50%
Series 15/Season Two Lux
49%
Series 10 Oxygen
49%
Season 10 Planet of the Daleks
49%
2021 New Year's Day Revolution of the Daleks
49%
Series 9 Sleep No More
49%
Series 12 Spyfall
49%
Season 13 Terror of the Zygons
49%
Series 14/Season One The Devil's Chord
49%
Series 10 The Eaters of Light
49%
Season 4 The Faceless Ones
49%
Series 14/Season One The Legend of Ruby Sunday
49%
The Key to Time (Season 16) The Pirate Planet
49%
Season 5 The Web of Fear
49%
Series 9 Under the Lake
49%
Season 22 Attack of the Cybermen
48%
Season 24 Delta and the Bannermen
48%
2022 New Year's Day Eve of the Daleks
48%
Series 10 Extremis
48%
Series 10 Knock Knock
48%
2022 Easter Legend of the Sea Devils
48%
Season 20 Snakedance
48%
Season 2 The Crusade
48%
Series 11 The Ghost Monument
48%
Series 10 The Pyramid at the End of the World
48%
Season 6 The Seeds of Death
48%
Series 12 The Timeless Children
48%
Season 4 The Underwater Menace
48%
Season 19 Time-Flight
48%
Series 11 Arachnids in the UK
47%
Season 19 Black Orchid
47%
Series 10 Empress of Mars
47%
Season 15 Horror of Fang Rock
47%
Series 11 Kerblam!
47%
Season 3 Mission to the Unknown
47%
Season 24 Paradise Towers
47%
Series 14/Season One Rogue
47%
Season 14 The Face of Evil
47%
Season 15 The Invasion of Time
47%
Season 18 The Keeper of Traken
47%
Series 10 The Lie of the Land
47%
Season 3 The Myth Makers
47%
Series 11 Demons of the Punjab
46%
Series 14/Season One Empire of Death
46%
Season 5 Fury from the Deep
46%
Series 8 In the Forest of the Night
46%
Season 21 Resurrection of the Daleks
46%
The Trial of a Time Lord (Season 23) Terror of the Vervoids
46%
Season 6 The Mind Robber
46%
Series 15/Season Two The Reality War
46%
Season 13 The Seeds of Doom
46%
Season 4 The Smugglers
46%
Season 17 Destiny of the Daleks
45%
Season 19 Four to Doomsday
45%
Season 8 The Claws of Axos
45%
Season 25 The Happiness Patrol
45%
Series 15/Season Two The Robot Revolution
45%
Season 14 The Robots of Death
45%
Season 22 Vengeance on Varos
45%
Flux (Series 13) Village of the Angels
45%
Season 18 Warriors' Gate
45%
Season 10 Carnival of Monsters
44%
Season 21 Planet of Fire
44%
Season 13 The Brain of Morbius
44%
Season 5 The Enemy of the World
44%
Season 14 The Masque of Mandragora
44%
Season 8 The Mind of Evil
44%
Season 20 Enlightenment
43%
Series 12 Orphan 55
43%
Season 6 The Dominators
43%
Series 15/Season Two The Interstellar Song Contest
43%
Season 6 The Krotons
43%
Season 15 The Sun Makers
43%
The Trial of a Time Lord (Season 23) The Ultimate Foe
43%
Series 11 The Witchfinders
43%
Season 22 Timelash
43%
Season 20 Arc of Infinity
42%
Season 10 Frontier in Space
42%
Season 18 Meglos
42%
Season 9 The Time Monster
42%
Series 15/Season Two The Well
42%
Flux (Series 13) War of the Sontarans
42%
Season 21 Warriors of the Deep
42%
Series 12 Ascension of the Cybermen
41%
Series 12 Fugitive of the Judoon
41%
The Trial of a Time Lord (Season 23) Mindwarp
41%
Series 12 Praxeus
41%
The Key to Time (Season 16) The Androids of Tara
41%
Series 12 The Haunting of Villa Diodati
41%
Season 3 The Massacre of St Bartholomew's Eve
41%
The Key to Time (Season 16) The Ribos Operation
41%
The Key to Time (Season 16) The Stones of Blood
41%
Series 11 The Tsuranga Conundrum
41%
Season 8 Colony in Space
40%
Series 11 It Takes You Away
40%
Season 13 Planet of Evil
40%
Flux (Series 13) Survivors of the Flux
40%
Season 20 Terminus
40%
Series 11 The Battle of Ranskoor Av Kolos
40%
Flux (Series 13) The Halloween Apocalypse
40%
Season 18 The Leisure Hive
40%
Season 19 The Visitation
40%
Season 15 Underworld
40%
Season 18 Full Circle
39%
Season 20 Mawdryn Undead
39%
Series 12 Nikola Tesla's Night of Terror
39%
Season 17 The Horns of Nimon
39%
Series 15/Season Two Wish World
39%
Series 12 Can You Hear Me?
38%
Season 15 Image of the Fendahl
38%
Series 15/Season Two Lucky Day
38%
Flux (Series 13) Once, Upon Time
38%
Season 13 The Android Invasion
38%
Season 20 The King's Demons
38%
Season 18 State of Decay
37%
The Key to Time (Season 16) The Armageddon Factor
37%
The Key to Time (Season 16) The Power of Kroll
37%
Series 15/Season Two The Story & The Engine
37%
Season 21 Frontios
36%
Season 17 The Creature from the Pit
36%
Season 15 The Invisible Enemy
36%
Season 9 The Mutants
36%
The Trial of a Time Lord (Season 23) The Mysterious Planet
36%
Flux (Series 13) The Vanquishers
34%
Season 17 Nightmare of Eden
33%
Season 21 The Awakening
33%
No matching quizzes found
Score Distribution
Percent of People with Each Score
Percentile by Number Answered
Your Score History
You have not taken this quiz since the last reset